03690 a2200337 45000010006000000050017000060080041000230030015000640400040000790800073001192450068001920200022002602500011002822640034002933000019003275050670003469420007010165900036010231000018010598560153010779990013012309520191012439520293014349520297017279520255020249520237022799520200025169520171027169520204028879520261030912195320260407155509.0260407a2006 arg spa dAR-UNSa-BCEJYS aAR-UNSa-BCEJYSbspacAR-UNSa-BCEJYS a657.3xPresupuestos. Cierre de Cuentas. Balances (Estados Contables)10aEstados contablesppresentación interpretación y análisis a978-987-01-0559-6 a4a. ed 1aBuenos Aires :bErreparc2006 a335 p.c21 cm. a1. Contenido y metodología de la obra - 2. Introducción a la teoría contable: Normas de medición - 3. Introducción a la teoría contable: Normas de exposición.ajustes extracontables para el análisis - 4. Los estados de cambios en la posición financiera de las empresas - 5. Tipos de análisis con estados contables - 6. Caso base de análisis de estados contables - 7. Prestación de informes sobre el análisis de los estados contables - 8. Calificaciones vinculadas con créditos bancarios y compañías de seguros - 9. Calificaciones de riesgo por la compra de títulos de valores(acciones y obligaciones negociables)en oferta pública. cBK aniveau_biblio:m niveau_hierar:01 aBiondi, Mario41uhttps://biblioeco.unsa.edu.ar/pmb/images/libros/Estados contables presentacion, interpretacion y analisis-l116308.jpgyImagen de portadaqimage/jpeg c873d873 00104070aBCEJYSbBCEJYSc16d2026-04-07l0o657.3 B615e 4ed.pL116311r2026-04-07 15:55:09w2026-04-07yLzSUBRAYADO C/ LÁPIZ - CANTO HÚMEDO - RESALTADOR LEVE EN PÁG. 204 Y 216  00104070aBCEJYSbBCEJYSc16d2026-04-07l0o657.3 B615e 4ed.pL116315r2026-04-07 15:55:09w2026-04-07yLz1RAS HOJAS HÚMEDAS Y MANCHADAS - CANTO SUPERIOR MANCHADO C/ ROJO - ÍNDICE C/ LÁPIZ - PÁG. 24 LAPICERA AZUL - PÁG. 186 A 194 MANCHADO LEVE - ÚLTIMAS 3 HOJAS DAÑADAS  00104070aBCEJYSbBCEJYSc16d2026-04-07l0o657.3 B615e 4ed.pL116317r2026-04-07 15:55:09w2026-04-07yLz2DA HOJA C/ CORRECTOR - LÁPIZ MUY LEVE - PÁG. 159, 308, 314, 317, 326 Y 327 RAYADA C/ LAPICERA NEGRA - HÚMEDO EN LOS CANTOS LATERALES - PÁG. 252 MANCHADA - ÚLTIMA DAÑADA  00104070aBCEJYSbBCEJYSc16d2026-04-07l0o657.3 B615e 4ed.pL116308r2026-04-07 15:55:09w2026-04-07yLzMANCHADO PÁG. 58, 167 Y 168 - SUBRAYADO C/ LÁPIZ - ÍNDICE SUBRAYADO C/ LÁPIZ MORADO PÁG. 181 A 191 - SUBRAYADO LEVE C/ FIBRA NEGRA 00104070aBCEJYSbBCEJYSc16d2026-04-07l0o657.3 B615e 4ed.pL116316r2026-04-07 15:55:09w2026-04-07yLzMANCHA PÁG. 113, 165 A 170 - SUBRAYADO C/ LÁPIZ LEVE - ÚLTIMA HOJA ARRUGADA - CANTO SUCIO - HÚMEDO PARTE INFERIOR  00104070aBCEJYSbBCEJYSc16d2026-04-07l0o657.3 B615e 4ed.pL116314r2026-04-07 15:55:09w2026-04-07yLzCANTO LATERAL MANCHADO - LÁPIZ LEVE PÁG. 310 A 321 - FLÚOR VERDE PÁG. 19 A 22 00104070aBCEJYSbBCEJYSc16d2026-04-07l0o657.3 B615e 4ed.pL116309r2026-04-07 15:55:09w2026-04-07yLzSELLO HÚMEDO - HOJAS MANCHADAS - SUBRAYADO C/ LÁPIZ  00104070aBCEJYSbBCEJYSc16d2026-04-07l0o657.3 B615e 4ed.pL116312r2026-04-07 15:55:09w2026-04-07yLzPÁG. 21 MANCHADA - ÚLTIMA HOJA DAÑADA - SUBRAYADO C/ LÁPIZ - CANTO UN POCO SUCIO  00104070aBCEJYSbBCEJYSc16d2026-04-07l0o657.3 B615e 4ed.pL116310r2026-04-07 15:55:09w2026-04-07yLzHÚMEDO - MANCHA PÁG. 54, 202, 203, 316 Y 317 - MANCHA ROJA PÁG. 304 Y 305 - ESCRITO Y SUBRAYADO C/ LÁPIZ - LAPICERA NEGRA PÁG. 166 Y 167